Resultados del X Censo de la Población efectuado el 27 de noviembre de 1930 y estadísticas comparativas con censos anteriores

Saved in:
Bibliographic Details
Corporate Author: Dirección General de Estadística (Author)
Format: Book
Language:Spanish
Published: Santiago Universo 1931
Subjects:
Tags: Add Tag
No Tags, Be the first to tag this record!

MARC

LEADER 00000nam a2200000 a 4500
001 UCO4211
003 CL-VaPUC
008 000728e19310000CL |||||||||||||||||spa|d
082 0 4 |a 310.983  |b DIR  |2 21 
110 2 |a Dirección General de Estadística  |e author  |9 448459 
245 1 0 |a Resultados del X Censo de la Población efectuado el 27 de noviembre de 1930 y estadísticas comparativas con censos anteriores 
300 |a v 
942 |c BK 
945 |d 20000728 00:00:00  |a crobeson 
260 |a Santiago  |b Universo  |c 1931 
500 |a v.1: estadísticas comparativas con censos anteriores 
500 |a v.2: edad, estado civil, nacionalidad, religión e instrucción 
650 7 |a CENSO 1930  |2 CL-VaPUC  |9 448460 
650 0 |a Población  |9 257577 
650 0 |a Vivienda  |9 258662 
650 0 |a Estadísticas  |9 258644 
650 0 |a Demografía   |9 260008 
651 7 |a CHILE  |2 CL-VaPUC  |9 448461 
583 |a last modification  |c 20170808 04:32:45  |k Rodrigo Vera 
999 |c 290276  |d 290274 
952 |0 0  |1 0  |4 0  |6 310_983000000000000_DIR_1931  |7 0  |8 X  |9 339602  |a BIBHIS  |b BIBHIS  |d 2019-11-20  |h v.1  |i 1211900  |o 310.983 DIR 1931  |p 1211900  |r 2024-01-30  |w 2019-11-20  |y BK_X  |k HIS 
952 |0 0  |1 0  |4 0  |6 310_983000000000000_DIR_1931  |7 0  |8 X  |9 339603  |a BIBHIS  |b BIBHIS  |d 2019-11-20  |h v.2  |i 1211919  |l 1  |m 1  |o 310.983 DIR 1931  |p 1211919  |r 2025-01-13  |s 2024-11-29  |w 2019-11-20  |y BK_X  |k HIS